Los escolares y la lectura: el comportamiento lector de los niños en la escuela primaria en Colombia

Gorde:
Xehetasun bibliografikoak
Egile korporatiboa: Centro Regional para el Fomento del Libro en América Latina y el Caribe (Egilea), CERLAL (Egilea)
Formatua: Liburua
Hizkuntza:gaztelania
Argitaratua: Bogotá CERLAL 1983
Bogotá Procultura 1983
Bogotá Kapelusz 1983
Saila:Lectura y Educación, 4
Gaiak:
Etiketak: Etiketa erantsi
Etiketarik gabe, Izan zaitez lehena erregistro honi etiketa jartzen!

MARC

LEADER 00000nam a2200000 a 4500
001 UCU1053
003 CL-VaPUC
008 960329e19830000CK |||||||||||||||||spa|d
020 |a 9589010032 
082 0 4 |a 372.41  |b CEN  |2 21 
110 2 |a Centro Regional para el Fomento del Libro en América Latina y el Caribe  |e author  |9 356649 
710 2 |a CERLAL  |e author  |9 356650 
245 1 4 |a Los escolares y la lectura: el comportamiento lector de los niños en la escuela primaria en Colombia 
300 |a 165 p 
942 |c BK 
945 |d 19960329 00:00:00  |a lriquelm 
260 |a Bogotá  |b CERLAL  |c 1983 
260 |a Bogotá  |b Procultura  |c 1983 
260 |a Bogotá  |b Kapelusz  |c 1983 
650 0 |a Enseñanza de la lectura  |9 308364 
650 0 |a Escolares   |9 337248 
650 0 |a Niños  |9 255605 
650 7 |a RELACION ESCUELA ALUMNO  |2 CL-VaPUC  |9 334718 
583 |a last modification  |c 20130414 10:25:33  |k Rodrigo Vera 
490 0 |a Lectura y Educación, 4 
999 |c 245818  |d 245816 
952 |0 0  |1 0  |4 0  |6 372_410000000000000_CEN_1983_1983_1983  |7 0  |8 P  |9 260418  |a BIBEDU  |b BIBEDU  |c BIBEDU_PB  |d 2019-11-19  |i 1639234  |o 372.41 CEN 1983 1983 1983  |p 1639234  |r 2024-01-25  |w 2019-11-19  |y BK  |k EDU 
952 |0 0  |1 0  |4 0  |6 372_410000000000000_CEN_1983_1983_1983  |7 0  |8 P  |9 260419  |a BIBEDU  |b BIBEDU  |c BIBEDU_PB  |d 2019-11-19  |i 4032918  |o 372.41 CEN 1983 1983 1983  |p 4032918  |r 2024-01-25  |w 2019-11-19  |y BK  |k EBA